[Event "Gibraltar Masters 2020"]
[Site "Caleta ENG"]
[Date "2020.01.29"]
[Round "9.88"]
[White "Gunina, Valentina"]
[Black "Advait, Bagri"]
[Result "1-0"]
[WhiteTitle "GM"]
[BlackTitle "CM"]
[WhiteElo "2461"]
[BlackElo "2105"]
[WhiteFideId "4167570"]
[BlackFideId "5820391"]
[EventDate "2020.01.21"]

1. d4 d5 2. c4 c6 3. Nf3 Nf6 4. e3 Bf5 5. Nc3 a6 6. Be2 h6 7. cxd5 cxd5 8. Qa4+
Nc6 9. Ne5 Bd7 10. Nxd7 Qxd7 11. b4 Rc8 12. b5 axb5 13. Qxb5 e6 14. Rb1 Rb8 15.
g4 Bd6 16. h4 g6 17. Bd2 Kf8 18. f4 Kg7 19. Kf2 h5 20. gxh5 Nxh5 21. Rbg1 Be7
22. f5 Qd8 23. Bxh5 Rxh5 24. fxe6 Bxh4+ 25. Ke2 Qe7 26. Kd1 Qxe6 27. e4 Bf2 28.
Rxh5 Bxg1 29. Rh1 Nxd4 30. Qxd5 Bf2 31. Qg5 Rh8 32. Rxh8 Kxh8 33. Qf4 Bg1 34.
Qg3 Qf6 35. Qxg1 Qf3+ 36. Kc1 Qd3 37. Qd1 Kg8 38. Be1 Qc4 39. Kb2 Nb5 40. Qd8+
Kg7 41. Qa5 Nd4 42. Qe5+ Kg8 43. Qb8+ Kg7 44. Qd6 Qd3 45. Qe5+ Kg8 46. Qh2 Nf3
47. Qf2 Kg7 48. Nd5 Qxe4 49. Bc3+ Kh6 50. Nf6 Qf4 51. Qf1 Qh2+ 52. Ka3 Qd6+ 53.
Ka4 Qf4+ 54. Ka5 Qc7+ 55. Kb4 Qd6+ 56. Kb3 Nd2+ 57. Bxd2+ Qxd2 58. Qf3 Qc1 59.
Qd3 Qc6 60. Nd5 Qe6 61. a4 f5 62. Qd4 g5 63. Kb4 Qe1+ 64. Kc5 Qe6 65. Qh8+ Kg6
66. Qa8 Qf7 67. Qd8 f4 68. Qd6+ Kh5 69. Kd4 Kg4 70. Nf6+ Kh4 71. Qe5 Qb3 72.
Qe1+ Qg3 73. Qh1+ Qh3 74. Qxb7 Qe3+ 75. Kd5 Qd3+ 76. Ke5 Qc3+ 77. Kf5 Qc5+ 78.
Kg6 Qc2+ 79. Qe4 Qc1 80. Qg2 Qb1+ 81. Kh6 1-0

[Event "Gibraltar Masters 2020"]
[Site "Caleta ENG"]
[Date "2020.01.29"]
[Round "9.89"]
[White "Enkhtuul, Altan-Ulzii"]
[Black "Shachar, Ehud"]
[Result "1-0"]
[WhiteTitle "WGM"]
[BlackTitle "IM"]
[WhiteElo "2200"]
[BlackElo "2363"]
[WhiteFideId "4901444"]
[BlackFideId "2802198"]
[EventDate "2020.01.21"]

1. d4 e6 2. g3 c5 3. Nf3 cxd4 4. Nxd4 Nc6 5. Bg2 Qb6 6. Nb3 d5 7. O-O Nf6 8. a4
Be7 9. a5 Qd8 10. Bg5 h6 11. Bxf6 Bxf6 12. c3 O-O 13. e4 d4 14. f4 e5 15. cxd4
Nxd4 16. Nxd4 exd4 17. Qd3 Be7 18. Nd2 b6 19. axb6 Qxb6 20. Nc4 Qb4 21. e5 Be6
22. Na5 Rac8 23. f5 Bd7 24. f6 gxf6 25. exf6 Bc5 26. Nb3 Be6 27. Nxc5 Rxc5 28.
Rae1 Rf5 29. Re4 Rd8 30. Rh4 Qb5 31. Rg4+ Kf8 32. Qd2 Rxf1+ 33. Bxf1 Qb6 34.
Qxh6+ Ke8 35. Rg8+ Kd7 36. Rxd8+ Kxd8 37. Bd3 Qxb2 38. Qf8+ Kc7 39. Qc5+ Kb7 40.
Be4+ Ka6 41. Bd3+ Kb7 42. Qe7+ Kb6 43. Qd6+ Ka5 44. Qc5+ Ka4 45. Bc2+ Bb3 46.
Qc4+ Ka3 47. Qc5+ Ka4 48. Qxa7+ Kb4 49. Bxb3 Qc1+ 50. Kg2 Qd2+ 51. Kh3 Qh6+ 52.
Kg4 Qg6+ 53. Kf4 Qxf6+ 54. Ke4 Kxb3 55. Qxd4 Qg6+ 56. Kf3 f6 57. g4 Ka2 58. h4
Qf7 59. h5 Qb7+ 60. Qe4 Qg7 61. Qc4+ Kb2 62. Qe6 Kc2 63. Kf4 Kd1 64. Kf5 Qg5+
65. Ke4 Qg7 66. Qd5+ Ke1 67. Ke3 Qa7+ 68. Qd4 Qa3+ 69. Kf4 Qf8 70. Kf3 f5 71.
Qe5+ Kd2 72. Qd5+ 1-0

[Event "Gibraltar Masters 2020"]
[Site "Caleta ENG"]
[Date "2020.01.29"]
[Round "9.90"]
[White "Alboredo, Julia"]
[Black "Bru Rullo, Llatzer"]
[Result "0-1"]
[WhiteTitle "WFM"]
[BlackTitle "FM"]
[WhiteElo "2190"]
[BlackElo "2273"]
[WhiteFideId "2124807"]
[BlackFideId "22219668"]
[EventDate "2020.01.21"]

1. e4 c5 2. Nf3 e6 3. d4 cxd4 4. Nxd4 Nc6 5. Nc3 Qc7 6. Be3 a6 7. Be2 Nf6 8. O-O
Be7 9. f4 d6 10. Kh1 O-O 11. Qe1 Nxd4 12. Bxd4 b5 13. a3 Bb7 14. Qg3 Rac8 15.
Rae1 Rfd8 16. Bd3 Bc6 17. Qh3 e5 18. Be3 Qd7 19. f5 Qb7 20. Qg3 Kh8 21. Bd2 a5
22. b4 axb4 23. axb4 Ra8 24. Qf2 d5 25. exd5 Nxd5 26. Ne4 Nf6 27. Ng5 Kg8 28.
Bc3 h6 29. Nh3 e4 30. Be2 Ra3 31. Bb2 Rxh3 32. gxh3 e3+ 33. Qf3 Rd2 34. Kg1 Bxf3
35. Bxf3 Qc7 36. Be2 Qxc2 0-1

[Event "Gibraltar Masters 2020"]
[Site "Caleta ENG"]
[Date "2020.01.29"]
[Round "9.91"]
[White "Sowray, Peter J"]
[Black "Tejaswini, Sagar"]
[Result "1-0"]
[WhiteTitle "FM"]
[BlackTitle "WIM"]
[WhiteElo "2272"]
[BlackElo "2180"]
[WhiteFideId "400971"]
[BlackFideId "5054290"]
[EventDate "2020.01.21"]

1. d4 d5 2. c4 c6 3. Nf3 Nf6 4. Nc3 e6 5. Bg5 Nbd7 6. e3 Qa5 7. cxd5 Nxd5 8. Qd2
Bb4 9. Rc1 b6 10. a3 Bxc3 11. bxc3 Qxa3 12. e4 N5f6 13. Bd3 h6 14. Bh4 Qa5 15.
O-O b5 16. Bg3 Qa3 17. d5 O-O 18. dxc6 Nb8 19. Nd4 Qc5 20. Nxb5 Ne8 21. c7 Na6
22. Be2 Naxc7 23. Nxc7 Nxc7 24. Qd6 Na6 25. Rfd1 Qxd6 26. Bxd6 Rd8 27. e5 Bb7
28. Rb1 Rd7 29. Rxb7 Rxb7 30. Bxa6 Rb6 31. Ra1 f6 32. c4 Rd8 33. c5 Rb2 34. c6
fxe5 35. Bxe5 Rbd2 36. c7 Rd1+ 37. Bf1 1-0

[Event "Gibraltar Masters 2020"]
[Site "Caleta ENG"]
[Date "2020.01.29"]
[Round "9.92"]
[White "Gvanceladze, Anna"]
[Black "Chigaeva, Anastasia"]
[Result "1-0"]
[WhiteTitle "WFM"]
[BlackTitle "WFM"]
[WhiteElo "2270"]
[BlackElo "2156"]
[WhiteFideId "4113721"]
[BlackFideId "24131008"]
[EventDate "2020.01.21"]

1. d4 d5 2. Nf3 Nf6 3. c4 c6 4. Qb3 dxc4 5. Qxc4 Bg4 6. Nc3 Nbd7 7. Bf4 e6 8. e4
Qb6 9. Bd3 Qb4 10. Ne5 Nxe5 11. dxe5 Nd7 12. f3 Bh5 13. h4 Qxb2 14. O-O Nb6 15.
Qb3 Qxb3 16. axb3 Bc5+ 17. Kh2 f6 18. exf6 gxf6 19. Ra5 Bb4 20. Rxh5 Bxc3 21. g4
Rd8 22. Bb1 e5 23. Be3 Bd2 24. Bc5 Nd7 25. Ba3 Bf4+ 26. Kg2 Nf8 27. Rf5 Ng6 28.
Rxf6 Nxh4+ 29. Kh1 Rd2 30. Bc1 Rh2+ 31. Kg1 Rg2+ 32. Kh1 Rh2+ 33. Kg1 Rg2+ 34.
Kh1 Ke7 35. Rxf4 exf4 36. Bxf4 Rg8 37. e5 h5 38. Bh7 Rg7 39. Bf5 Rb2 40. Rd1
Nxf5 41. gxf5 Rg8 42. f6+ Kf7 43. Rd7+ Ke6 44. Re7+ Kf5 45. f7 Rd8 46. Be3 Kg6
47. e6 Rf8 48. Rxb7 Re2 49. Bc5 Ra8 50. Rxa7 Rxe6 51. Rxa8 Kxf7 52. Kg2 1-0

[Event "Gibraltar Masters 2020"]
[Site "Caleta ENG"]
[Date "2020.01.29"]
[Round "9.93"]
[White "Bottke, Hartmut"]
[Black "Rangel, Daniel"]
[Result "1/2-1/2"]
[BlackTitle "FM"]
[WhiteElo "2185"]
[BlackElo "2269"]
[WhiteFideId "4627873"]
[BlackFideId "2124475"]
[EventDate "2020.01.21"]

1. d4 Nf6 2. c4 e6 3. Nf3 d5 4. Nc3 c6 5. e3 Nbd7 6. Qc2 Bd6 7. Bd3 dxc4 8. Bxc4
b5 9. Be2 Bb7 10. O-O a6 11. e4 e5 12. dxe5 Nxe5 13. Nxe5 Bxe5 14. Be3 O-O 15.
Bc5 Re8 16. Bf3 Nd7 17. Be3 c5 18. Nd5 Bxd5 19. exd5 Qh4 20. g3 Qf6 21. Bg4 Qd6
22. Bxd7 Qxd7 23. Qxc5 Rec8 24. Qa3 Qxd5 25. Rfd1 Qf3 26. Rac1 h5 27. Bc5 Qf6
28. Rc2 Bxb2 29. Rxb2 Rxc5 30. Qxc5 Qxb2 31. Qc6 Rb8 32. Qxa6 Qe2 33. Qd6 Ra8
34. Rd2 Qe1+ 35. Kg2 Qe4+ 36. Kg1 Rc8 37. Rd1 Rc2 38. Qd8+ Kh7 39. Qd5 Qe2 40.
Qf5+ Kh6 41. Rd6+ f6 42. Rxf6+ gxf6 43. Qxf6+ Kh7 44. Qf7+ 1/2-1/2

[Event "Gibraltar Masters 2020"]
[Site "Caleta ENG"]
[Date "2020.01.29"]
[Round "9.94"]
[White "Stewart, Ashley"]
[Black "Csiki, Endre"]
[Result "0-1"]
[BlackTitle "FM"]
[WhiteElo "2152"]
[BlackElo "2263"]
[WhiteFideId "419001"]
[BlackFideId "775126"]
[EventDate "2020.01.21"]

1. c4 g6 2. Nc3 c5 3. g3 Bg7 4. Bg2 Nc6 5. Nf3 Nf6 6. d4 cxd4 7. Nxd4 O-O 8. O-O
Qa5 9. Nc2 Qh5 10. e4 d6 11. Qxh5 Nxh5 12. Bd2 a6 13. Ne3 Rb8 14. a4 Nd4 15.
Rab1 Nb3 16. Be1 Bd7 17. Ncd5 Rfe8 18. Nb6 Bc6 19. a5 Bd4 20. Rd1 Bxe3 21. fxe3
Nf6 22. e5 Bxg2 23. Kxg2 Ng4 24. exd6 Nxe3+ 25. Kg1 Nxd1 26. d7 Red8 27. Bb4 Ne3
28. Rf3 Nxc4 29. Nxc4 Nd4 30. Rf2 Rxd7 31. Ne5 Rd5 32. Ng4 Nf5 33. Bc3 h5 34.
Ne5 Rc8 35. Re2 Nd4 36. Bxd4 Rxd4 37. b3 Rcd8 38. Nc4 e6 39. Kf2 Rd3 40. Rb2 f6
41. Ke2 e5 42. b4 Rc3 43. Nb6 e4 44. b5 e3 45. bxa6 bxa6 46. Na4 Ra3 47. Nc5
Rxa5 48. Nb7 Rb8 0-1

[Event "Gibraltar Masters 2020"]
[Site "Caleta ENG"]
[Date "2020.01.29"]
[Round "9.95"]
[White "Vega Gutierrez, Belinda"]
[Black "Benmesbah, Natacha"]
[Result "0-1"]
[WhiteTitle "WIM"]
[BlackTitle "WIM"]
[WhiteElo "2132"]
[BlackElo "2258"]
[WhiteFideId "2229994"]
[BlackFideId "642002"]
[EventDate "2020.01.21"]

1. e4 c5 2. Nf3 Nc6 3. d4 cxd4 4. Nxd4 Nf6 5. Nc3 e5 6. Ndb5 d6 7. Bg5 a6 8. Na3
Be6 9. Nc4 Rb8 10. Ne3 Be7 11. Bxf6 Bxf6 12. Ncd5 Bg5 13. c3 O-O 14. Be2 Bxe3
15. Nxe3 Ne7 16. O-O Qb6 17. Qd2 Rbd8 18. Nd5 Bxd5 19. exd5 f5 20. a4 Ng6 21. a5
Qc7 22. Ra4 e4 23. f4 exf3 24. Bxf3 Ne5 25. Be2 Rde8 26. Rb4 Re7 27. Ra1 Rfe8
28. h3 Nd7 29. Bd3 g6 30. Rc4 Qd8 31. b4 Re3 32. Rd4 Qg5 33. Rf1 Qg3 34. c4 Ne5
35. Be2 Nf7 36. Bd1 Ng5 37. Kh1 Nxh3 38. c5 Re1 0-1

[Event "Gibraltar Masters 2020"]
[Site "Caleta ENG"]
[Date "2020.01.29"]
[Round "9.96"]
[White "Bengherabi, Khalil"]
[Black "Sousa, Ludy Helsio Paulo"]
[Result "1/2-1/2"]
[WhiteTitle "FM"]
[BlackTitle "CM"]
[WhiteElo "2106"]
[BlackElo "2247"]
[WhiteFideId "7900325"]
[BlackFideId "1504134"]
[EventDate "2020.01.21"]

1. e4 c5 2. Nf3 d6 3. d4 cxd4 4. Nxd4 Nf6 5. Nc3 a6 6. g3 e5 7. Nb3 Be7 8. Bg2
Be6 9. O-O O-O 10. a4 Nbd7 11. Re1 Qc7 12. Nd2 Nb6 13. a5 Nc4 14. Nxc4 Qxc4 15.
Bg5 Qc5 16. Be3 Qc7 17. Na4 Ng4 18. Bb6 Qc8 19. h3 Nf6 20. Be3 Nd7 21. Ra3 Qc6
22. Nc3 Rac8 23. Re2 Nf6 24. f4 Qd7 25. fxe5 dxe5 26. Qxd7 Nxd7 27. Ra1 Nb8 28.
Nd5 Bc5 29. c3 Rfd8 30. Kh2 Kf8 31. Rd1 Bxe3 32. Rxe3 Nc6 33. b4 Rd6 34. Red3
Rcd8 35. g4 Ne7 36. Kg3 f6 37. Kf2 Kf7 38. Ke3 Ng6 39. Bf1 Nf4 40. Nxf4 exf4+
41. Kxf4 Rxd3 42. Bxd3 Ke7 43. Ke3 Rc8 44. Rc1 Kd6 45. Kd4 Rd8 46. Be2 Kc6+ 47.
Ke3 Bb3 48. c4 Ba4 49. Ra1 Bc2 50. Rc1 Ba4 51. Ra1 Bc2 52. Ra2 Bb3 53. Rd2 Re8
54. Rd5 g5 55. Kd4 Kc7 56. e5 h6 57. Bf3 fxe5+ 58. Rxe5 Rxe5 59. Kxe5 Bxc4 60.
Bg2 b6 61. Kf6 bxa5 62. bxa5 Kd6 63. Kg6 Ke5 64. Kxh6 Kf4 65. Bb7 Bf1 66. h4
gxh4 67. g5 h3 68. g6 h2 69. Bd5 Bc4 70. Bh1 Ke5 71. g7 Kd4 72. Kg5 Kc5 73. Kf4
Kb5 74. Kg3 Kxa5 75. Kxh2 Kb5 76. Be4 1/2-1/2

[Event "Gibraltar Masters 2020"]
[Site "Caleta ENG"]
[Date "2020.01.29"]
[Round "9.97"]
[White "Represa Perez, Mireya"]
[Black "Priyanka, Nutakki"]
[Result "0-1"]
[WhiteTitle "WFM"]
[BlackTitle "WIM"]
[WhiteElo "2081"]
[BlackElo "2242"]
[WhiteFideId "32010036"]
[BlackFideId "25049615"]
[EventDate "2020.01.21"]

1. e4 e5 2. Nf3 Nf6 3. Nc3 Nc6 4. d4 exd4 5. Nxd4 Bb4 6. Nxc6 bxc6 7. Bd3 d5 8.
exd5 cxd5 9. O-O O-O 10. Bg5 c6 11. Qf3 Be7 12. Rfe1 h6 13. Bxh6 gxh6 14. Qe3
Bd6 15. Qxh6 Rb8 16. a3 Bd7 17. Re3 Re8 18. Rae1 Re6 19. Bf5 Qf8 20. Qxf8+ Kxf8
21. Bxe6 Bxe6 22. Rf3 Kg7 23. b4 Bg4 24. Rd3 Bf5 25. Rd2 a6 26. f3 Bf4 27. Rde2
d4 28. Na4 Nd5 29. g3 Be3+ 30. Kh1 Ra8 31. Rb1 d3 32. cxd3 Bxd3 33. Rxe3 Bxb1
34. Re1 Bc2 35. Nc5 a5 36. Rc1 axb4 37. Rxc2 bxa3 38. Kg1 a2 39. Nb3 a1=Q+ 40.
Nxa1 Rxa1+ 41. Kf2 Nb4 42. Rc4 Ra2+ 43. Kg1 Rb2 44. h4 Rb3 45. g4 Nd3 46. h5 Ne5
47. Rc5 Nxf3+ 48. Kf2 Nd4 49. g5 Rf3+ 50. Ke1 Rf5 51. Rc4 Nf3+ 52. Ke2 Ne5 53.
h6+ Kh7 54. Rc5 Rxg5 55. Ke3 Ng4+ 0-1

[Event "Gibraltar Masters 2020"]
[Site "Caleta ENG"]
[Date "2020.01.29"]
[Round "9.98"]
[White "Paramzina, Anastasya"]
[Black "De Abreu, Roberto N"]
[Result "0-1"]
[WhiteTitle "WGM"]
[BlackTitle "FM"]
[WhiteElo "2224"]
[BlackElo "2154"]
[WhiteFideId "4165012"]
[BlackFideId "14307472"]
[EventDate "2020.01.21"]

1. e4 c5 2. Nf3 Nc6 3. d4 cxd4 4. Nxd4 Nf6 5. Nc3 e5 6. Ndb5 d6 7. Nd5 Nxd5 8.
exd5 Ne7 9. c4 Ng6 10. Qa4 Bd7 11. Qb4 Qb8 12. h4 h5 13. Be3 a6 14. Nc3 f5 15.
a4 Be7 16. a5 O-O 17. O-O-O Nxh4 18. Na4 f4 19. Nb6 Bg4 20. f3 Nxf3 21. gxf3
Bxf3 22. Bh3 fxe3 23. Be6+ Kh7 24. Rdg1 Bxh1 25. Rxh1 e2 26. Kd2 Rf1 27. Rxh5+
Kg6 28. Kxe2 Qf8 29. Rf5 Rxf5 30. Bxf5+ Qxf5 31. Nxa8 Qe4+ 32. Kd1 Qb1+ 33. Ke2
Qe4+ 34. Kd1 Qb1+ 35. Ke2 Qc2+ 36. Qd2 Qxc4+ 37. Kf3 Bg5 38. Qd1 Kf5 39. Qb1+
e4+ 40. Kf2 Bh4+ 41. Kg1 Qe2 42. Qf1+ Qxf1+ 43. Kxf1 Bd8 0-1

[Event "Gibraltar Masters 2020"]
[Site "Caleta ENG"]
[Date "2020.01.29"]
[Round "9.99"]
[White "Weisbuch, Udi"]
[Black "Kandic, Milan"]
[Result "1-0"]
[WhiteTitle "FM"]
[BlackTitle "FM"]
[WhiteElo "2222"]
[BlackElo "2132"]
[WhiteFideId "2801302"]
[BlackFideId "926752"]
[EventDate "2020.01.21"]

1. e4 d6 2. d4 Nf6 3. Nc3 e5 4. Nge2 Nc6 5. h3 exd4 6. Nxd4 Be7 7. g3 O-O 8. Bg2
Nxd4 9. Qxd4 Be6 10. O-O c6 11. Rd1 Qb6 12. Qxb6 axb6 13. Bf4 Rfd8 14. a4 h6 15.
Be3 Nd7 16. f4 f5 17. g4 fxg4 18. f5 Bf7 19. hxg4 Nc5 20. Rd4 b5 21. e5 dxe5 22.
Rxd8+ Rxd8 23. axb5 cxb5 24. Nxb5 Bd5 25. Rd1 Bxg2 26. Rxd8+ Bxd8 27. Kxg2 Nd7
28. Nd6 b6 29. Kf3 Kf8 30. c4 Ke7 31. Ne4 Nb8 32. Nc3 Kd6 33. b4 Nd7 34. Ne4+
Kc6 35. b5+ Kc7 36. Nc3 Kd6 37. Ne4+ Kc7 38. c5 Be7 39. c6 Nc5 40. Bxc5 Bxc5 41.
Ke2 Bd4 42. Kd3 Kd8 43. Kc4 Ke7 44. Kd5 Bb2 45. Nd2 Bc3 46. Nc4 1-0

[Event "Gibraltar Masters 2020"]
[Site "Caleta ENG"]
[Date "2020.01.29"]
[Round "9.100"]
[White "Oragwu, Chukwunonso"]
[Black "Semprun Martinez, Fernando"]
[Result "1/2-1/2"]
[WhiteTitle "FM"]
[WhiteElo "2220"]
[BlackElo "2099"]
[WhiteFideId "8501254"]
[BlackFideId "2203170"]
[EventDate "2020.01.21"]

1. e4 c5 2. Nf3 Nc6 3. Bb5 g6 4. c3 Bg7 5. O-O e5 6. d3 Nge7 7. a3 O-O 8. Nbd2
a6 9. Bc4 d6 10. b4 Qc7 11. Bb2 b6 12. Rc1 Bb7 13. d4 b5 14. Be2 c4 15. Re1 Rad8
16. Qc2 Nb8 17. Ra1 Nd7 18. Nf1 d5 19. Ng3 Rfe8 20. Bf1 Nc8 21. Rad1 Ncb6 22.
Bc1 exd4 23. Nxd4 Nf6 24. e5 Ne4 25. f4 f6 26. exf6 Bxf6 27. Be2 Nc8 28. Bg4 Qf7
29. f5 Bxd4+ 30. cxd4 Nxg3 31. hxg3 Nd6 32. Bg5 Rxe1+ 33. Rxe1 Re8 34. Rxe8+
Qxe8 35. Bf4 Qe4 36. Qd1 Nxf5 37. Be5 h6 38. Kh2 Bc8 39. Bf3 Qd3 40. Bxd5+ Kh7
41. Qe1 c3 42. Bf4 Qxd4 43. Bb3 g5 44. Qe8 Qh8 45. Qxh8+ Kxh8 46. Be5+ Kh7 47.
Bxc3 Ne3 48. Kg1 Kg6 49. Kf2 Nc4 50. a4 Bf5 51. a5 Be4 52. Bd1 h5 53. g4 h4 54.
Bf3 Bxf3 55. Kxf3 Kf7 56. Ke4 Ke6 57. Be1 Ne5 58. Bd2 Nxg4 59. Bxg5 h3 60. gxh3
Nf2+ 61. Kd4 Nxh3 62. Bh6 Nf2 63. Bf8 Kd7 64. Bg7 Kc6 65. Ke3 Nh3 66. Kd4 Nf4
67. Bh6 Ne6+ 68. Ke5 Nc7 69. Bd2 Ne8 70. Be3 Nd6 71. Bf4 Nc4+ 72. Ke6 Nxa5 73.
bxa5 b4 74. Bd2 Kb5 75. Kd5 Kxa5 76. Kc4 Ka4 77. Bxb4 1/2-1/2

[Event "Gibraltar Masters 2020"]
[Site "Caleta ENG"]
[Date "2020.01.29"]
[Round "9.101"]
[White "Piasetski, Leon"]
[Black "Gonzalez Gonzalez, Alfonso"]
[Result "1-0"]
[WhiteTitle "IM"]
[WhiteElo "2219"]
[BlackElo "2100"]
[WhiteFideId "2600072"]
[BlackFideId "2223007"]
[EventDate "2020.01.21"]

1. c4 c6 2. Nf3 d5 3. e3 g6 4. Nc3 Bg7 5. d4 Nf6 6. Be2 O-O 7. O-O Bg4 8. b3 e6
9. h3 Bxf3 10. Bxf3 Nbd7 11. Bb2 Re8 12. g3 a6 13. a4 a5 14. Qc2 Qb6 15. Rfd1
Rac8 16. Bg2 e5 17. dxe5 Nxe5 18. cxd5 cxd5 19. Qb1 Qxb3 20. Nxd5 Nxd5 21. Bxd5
Nf3+ 22. Bxf3 Qxb2 23. Qxb2 Bxb2 24. Rab1 Rc2 25. Bxb7 Re7 26. Ba6 Rec7 27. Kg2
Kg7 28. Bd3 Rc1 29. Rdxc1 Bxc1 30. Rb5 Bd2 31. Kf3 Rd7 32. Ke2 Bc3 33. g4 h6 34.
h4 Re7 35. f4 Ra7 36. g5 hxg5 37. hxg5 Re7 38. Rd5 Rb7 39. Rc5 Bb4 40. Rc6 Be7
41. Ra6 Bd8 42. Rd6 Be7 43. Rd5 Ra7 44. Kf3 Bb4 45. e4 Be7 46. Kg4 Rb7 47. Rxa5
Rd7 48. Bc4 Rd4 49. Bd5 Rd1 50. Rb5 Bd6 51. Rb7 Rg1+ 52. Kh3 1-0

[Event "Gibraltar Masters 2020"]
[Site "Caleta ENG"]
[Date "2020.01.29"]
[Round "9.102"]
[White "Cherniack, Alex"]
[Black "Raghav, Srivathsav V"]
[Result "1-0"]
[WhiteElo "2211"]
[BlackElo "2023"]
[WhiteFideId "2007606"]
[BlackFideId "5073316"]
[EventDate "2020.01.21"]

1. d4 g6 2. e4 Bg7 3. Nc3 d6 4. Be3 Nf6 5. f3 c6 6. Qd2 b5 7. Nce2 Nbd7 8. g4 h5
9. g5 Nh7 10. h4 Bb7 11. Ng3 Nb6 12. b3 Nf8 13. N1e2 c5 14. c3 Nfd7 15. Bh3 a6
16. O-O cxd4 17. cxd4 O-O 18. f4 d5 19. f5 dxe4 20. Nf4 Qb8 21. Kg2 Qd6 22. fxg6
fxg6 23. Be6+ Kh7 24. Ngxh5 gxh5 25. Qe2 Nf6 26. gxf6 Rxf6 27. Qxh5+ Bh6 28.
Bf5+ Kg8 29. Qg4+ Kf8 30. Ng6+ Ke8 31. Bxh6 e3+ 32. Kh3 e2 33. Qxe2 Rc8 34.
Qxe7+ Qxe7 35. Nxe7 Rc3+ 36. Kg4 Rxh6 37. Rae1 Kd8 38. Ng6 Rh7 39. Re6 Nd5 40.
Rfe1 Rf7 41. h5 Kc7 42. h6 Bc8 43. Re7+ Nxe7 44. Rxe7+ Rxe7 45. Nxe7 Bxf5+ 46.
Nxf5 Kd7 47. d5 a5 48. h7 Rc8 49. Kg5 a4 50. Kg6 axb3 51. axb3 1-0

[Event "Gibraltar Masters 2020"]
[Site "Caleta ENG"]
[Date "2020.01.29"]
[Round "9.103"]
[White "Mohota, Nisha"]
[Black "Rudzinska, Michalina"]
[Result "1/2-1/2"]
[WhiteTitle "IM"]
[BlackTitle "WFM"]
[WhiteElo "2201"]
[BlackElo "2005"]
[WhiteFideId "5004330"]
[BlackFideId "1172883"]
[EventDate "2020.01.21"]

1. e4 c5 2. Nf3 e6 3. d4 cxd4 4. Nxd4 a6 5. Bd3 Qc7 6. O-O Nf6 7. Qe2 d6 8. f4
g6 9. Nc3 Bg7 10. e5 dxe5 11. Ndb5 axb5 12. Nxb5 Qe7 13. fxe5 O-O 14. exf6 Bxf6
15. c3 Nc6 16. a4 Bg7 17. b3 Rd8 18. Ba3 Qg5 19. Rad1 Ne5 20. Nd6 f5 21. Bc2 b6
22. c4 Nc6 23. Qf2 Be5 24. Rd3 Rb8 25. Kh1 Bb7 26. Nxb7 Rxd3 27. Bxd3 Rxb7 28.
Bc1 Qf6 29. Bf4 Bxf4 30. Qxf4 e5 31. Qf3 Qd6 32. Rd1 e4 33. Bf1 Qe5 34. Qh3 Re7
35. Qe3 Qc5 36. Qc3 Qe5 37. Qe3 Qc5 38. Qc3 Qe5 1/2-1/2

[Event "Gibraltar Masters 2020"]
[Site "Caleta ENG"]
[Date "2020.01.29"]
[Round "9.104"]
[White "Baert, Andy"]
[Black "Fernandez, Maria Florencia"]
[Result "1-0"]
[WhiteTitle "FM"]
[BlackTitle "WIM"]
[WhiteElo "2138"]
[BlackElo "2227"]
[WhiteFideId "200107"]
[BlackFideId "116459"]
[EventDate "2020.01.21"]

1. Nf3 c5 2. c4 Nc6 3. d4 cxd4 4. Nxd4 Nf6 5. Nc3 g6 6. e4 d6 7. Be2 Bg7 8. Nc2
O-O 9. O-O Be6 10. Ne3 Rc8 11. Bd2 a6 12. Rc1 Qb6 13. b3 Qd4 14. Nc2 Qe5 15. f4
Qc5+ 16. Kh1 Qa7 17. Be3 Qb8 18. Nd4 Nxd4 19. Bxd4 b5 20. cxb5 axb5 21. e5 dxe5
22. Bxe5 Qb7 23. Bf3 Qa7 24. Qe2 b4 25. Nb5 Qa5 26. Bc7 Qa6 27. Rc6 Qxb5 28.
Qxb5 Bd7 29. Qb6 Ne8 30. Rcc1 Nxc7 31. Rxc7 Bd4 32. Qb7 1-0

[Event "Gibraltar Masters 2020"]
[Site "Caleta ENG"]
[Date "2020.01.29"]
[Round "9.105"]
[White "De Lange, Job"]
[Black "Seewi, Joram"]
[Result "1-0"]
[WhiteElo "2211"]
[BlackElo "2109"]
[WhiteFideId "1001191"]
[BlackFideId "16260350"]
[EventDate "2020.01.21"]

1. c4 Nf6 2. Nf3 g6 3. g3 Bg7 4. Bg2 O-O 5. O-O d6 6. d4 c6 7. Nc3 a6 8. a4 a5
9. h3 Qc7 10. e4 e5 11. Be3 Na6 12. Qd2 Re8 13. Rfe1 Bd7 14. Rad1 c5 15. d5 Qb6
16. Qc2 Nh5 17. Nh2 Rf8 18. Qe2 Rae8 19. Nf1 f5 20. exf5 Rxf5 21. Qc2 Rff8 22.
Nd2 Nf4 23. Nde4 Nxh3+ 24. Kh2 Nf4 25. f3 Nh5 26. Qd2 Nf6 27. Ng5 Nb4 28. Bh3
Bf5 29. Ne6 Rf7 30. g4 Bc2 31. Rc1 e4 32. Rxc2 Nxc2 33. Qxc2 exf3 34. Qd2 Qb3
35. Nxg7 Rxg7 36. g5 Ne4 37. Nxe4 Rxe4 38. Bf2 Qxc4 39. Be6+ Kh8 40. Rxe4 Qxe4
41. Qxa5 Qe5+ 42. Kh3 h5 43. gxh6 Qh5+ 44. Kg3 Qxh6 45. Qd8+ Kh7 46. Qxd6 Qg5+
47. Kxf3 Re7 48. Qh2+ Kg7 49. Qh4 Qf6+ 50. Qxf6+ Kxf6 51. Bxc5 Re8 52. a5 Ke5
53. Ke3 g5 54. Bd4+ Kd6 55. Ke4 g4 56. b4 1-0

[Event "Gibraltar Masters 2020"]
[Site "Caleta ENG"]
[Date "2020.01.29"]
[Round "9.106"]
[White "Osuna Vega, Enrique"]
[Black "Byron, Alan M"]
[Result "1/2-1/2"]
[WhiteTitle "CM"]
[WhiteElo "2129"]
[BlackElo "2208"]
[WhiteFideId "2219549"]
[BlackFideId "401773"]
[EventDate "2020.01.21"]

1. Nf3 Nf6 2. c4 d6 3. g3 g6 4. Bg2 Bg7 5. O-O e5 6. Nc3 O-O 7. d3 Nbd7 8. Rb1
a5 9. a3 c6 10. b4 axb4 11. axb4 Re8 12. Qb3 Qc7 13. Bb2 Nf8 14. Ra1 Be6 15. Ng5
Bg4 16. h3 Bd7 17. b5 h6 18. Nge4 Nxe4 19. Nxe4 Rxa1 20. Rxa1 f5 21. Nc3 Ne6 22.
e3 h5 23. h4 Rf8 24. Ne2 f4 25. exf4 exf4 26. Bxg7 Kxg7 27. bxc6 bxc6 28. Qb2+
Kh7 29. Nd4 Nc5 30. Qd2 d5 31. Re1 Qd6 32. Nf3 dxc4 33. dxc4 Qxd2 34. Re7+ Kg8
35. Nxd2 fxg3 36. fxg3 Re8 37. Rxe8+ Bxe8 38. Kf2 Kf7 39. Ke3 Kf6 40. Nf3 1/2-1/2

[Event "Gibraltar Masters 2020"]
[Site "Caleta ENG"]
[Date "2020.01.29"]
[Round "9.107"]
[White "Arroyo Rodriguez, Jesus"]
[Black "Podetti, Davide"]
[Result "0-1"]
[WhiteElo "2125"]
[BlackElo "2187"]
[WhiteFideId "2277760"]
[BlackFideId "893617"]
[EventDate "2020.01.21"]

1. e4 e5 2. Nc3 Nf6 3. f4 d5 4. fxe5 Nxe4 5. Qf3 Nxc3 6. dxc3 Be6 7. Qg3 Nd7 8.
Nf3 Nc5 9. Ng5 Be7 10. Nxe6 Nxe6 11. h4 Qd7 12. Be3 O-O-O 13. O-O-O f5 14. exf6
Bxf6 15. Be2 Kb8 16. Bf3 Qb5 17. Qf2 a6 18. Rhe1 Rhe8 19. Bg4 d4 20. cxd4 Nxd4
21. c3 Nc6 22. Bf4 Ne5 23. Be2 Qa4 24. Qg3 Rxd1+ 25. Rxd1 Qxa2 26. h5 h6 27. Rd4
Nc6 28. Bxc7+ Ka8 29. Rd2 Nb4 30. Qg6 Rxe2 31. Rxe2 Bg5+ 32. Qxg5 Qa1+ 33. Kd2
Qxb2+ 34. Kd1 Qb3+ 35. Ke1 Qb1+ 36. Kd2 Qc2+ 37. Ke1 Nd3+ 38. Kf1 Qd1+ 39. Re1
Qxe1# 0-1